<The> Council of Europe Achievements and Activities

Saved in:
Bibliographic Details
Format: Book
Language:English
Published: Strasbourg Council of Europe 1993
Subjects:
Tags: Add Tag
No Tags, Be the first to tag this record!

MARC

LEADER 00000nam a2200000 4500
001 c016049
005 20250606073708.9
041 0 |a eng 
044 |a FR 
245 1 0 |a <The> Council of Europe  |b Achievements and Activities 
264 1 |a Strasbourg  |b Council of Europe  |c 1993 
300 |a 58 s. 
610 2 0 |a Rada Európy